Statystyki dla 200 największych miast Europy

Kliknij tutaj aby rozwiązać quiz!

Ogólne statystyki

  • Ten quiz został rozwiązany 7 012 razy
    (3 057 od ostatniego zresetowania)
  • Średni wynik to 70 z 198

Statystyki odpowiedzi

LudnośćAglomeracja% Poprawnych
2,35 mlnWarszawa
97%
11,4 mlnParyż
95%
14,8 mlnLondyn
94%
17,4 mlnMoskwa
94%
4,75 mlnBerlin
93%
6,70 mlnMadryt
92%
819 tys.Kraków
91%
3,50 mlnRzym
88%
4,88 mlnBarcelona
87%
904 tys.Gdańsk
87%
3,48 mlnKijów
87%
1,21 mlnOslo
85%
641 tys.Wrocław
84%
1,46 mlnPraga
83%
2,50 mlnLizbona
82%
3,50 mlnAteny
80%
1,32 mlnHelsinki
80%
598 tys.Poznań
80%
2,50 mlnAmsterdam
79%
2,28 mlnMonachium
79%
2,25 mlnSztokholm
79%
2,23 mlnWiedeń
78%
2,63 mlnBudapeszt
77%
1,40 mlnDublin
77%
572 tys.Wilno
77%
2,20 mlnBukareszt
76%
829 tys.Łódź
76%
2,05 mlnMińsk
76%
16,2 mlnStambuł
76%
476 tys.Bratysława
75%
6,15 mlnMediolan
75%
5,65 mlnPetersburg
75%
2,73 mlnBruksela
74%
1,69 mlnKopenhaga
74%
688 tys.Ryga
73%
809 tys.Zagrzeb
72%
3,08 mlnManchester
71%
2,88 mlnHamburg
70%
725 tys.Lwów
70%
465 tys.Tallinn
70%
4,15 mlnNeapol
69%
1,68 mlnMarsylia
68%
435 tys.Szczecin
68%
1,30 mlnSofia
67%
1,88 mlnLiverpool
66%
1,55 mlnPorto
66%
3,28 mlnRotterdam / Haga
66%
1,43 mlnBelgrad
64%
1,99 mlnLyon
64%
423 tys.Berno
63%
3,28 mlnFrankfurt
60%
1,61 mlnTuryn
60%
1,63 mlnCharków
58%
1,69 mlnGlasgow
56%
1,30 mlnSewilla
56%
433 tys.Wenecja
56%
935 tys.Edynburg
55%
5,00 mlnKolonia / Düsseldorf
55%
1,45 mlnZurych
53%
872 tys.Tirana
52%
3,15 mlnBirmingham
51%
806 tys.Saloniki
50%
1,87 mlnWalencja
50%
585 tys.Kiszyniów
49%
1,44 mlnDonieck
48%
1,00 mlnFlorencja
48%
900 tys.Palermo
48%
1,11 mlnOdessa
47%
911 tys.Bilbao
46%
423 tys.Brno
46%
748 tys.Lipsk
46%
489 tys.Malmö
46%
553 tys.Skopje
46%
834 tys.Drezno
45%
946 tys.Nicea
44%
791 tys.Genewa
40%
1,23 mlnAntwerpia
38%
1,10 mlnBordeaux
38%
1,00 mlnBrema
38%
2,40 mlnStuttgart
38%
1,06 mlnMalaga
37%
960 tys.Cardiff
36%
2,15 mlnLeeds
34%
1,30 mlnLille
34%
623 tys.Belfast
33%
613 tys.Bolonia
33%
581 tys.Genua
33%
708 tys.Göteborg
33%
1,38 mlnDniepr
31%
1,15 mlnHanower
31%
1,08 mlnTuluza
31%
1,20 mlnNorymberga
30%
542 tys.Strasburg
30%
586 tys.Bari
29%
716 tys.Nantes
29%
1,49 mlnNewcastle
29%
1,26 mlnKazań
28%
520 tys.Ostrawa
28%
1,40 mlnWołgograd
28%
1,30 mlnRostów nad Donem
26%
726 tys.Saragossa
25%
1,15 mlnSouthampton
23%
704 tys.Katania
22%
404 tys.Ługańsk
22%
440 tys.Mariupol
22%
1,73 mlnNiżny Nowogród
22%
409 tys.Sewastopol
22%
463 tys.Werona
22%
739 tys.Zaporoże
22%
1,57 mlnSheffield
21%
926 tys.Bristol
20%
552 tys.Eindhoven
20%
482 tys.Kaliningrad
20%
915 tys.Krasnodar
20%
712 tys.Leicester
20%
771 tys.Bazylea
19%
528 tys.Montpellier
19%
1,30 mlnSamara
18%
439 tys.Soczi
18%
1,13 mlnUfa
18%
596 tys.Brighton
17%
1,38 mlnNottingham
17%
472 tys.Palma
16%
1,11 mlnPerm
16%
409 tys.Rennes
16%
995 tys.Utrecht
16%
653 tys.Liège
15%
1,06 mlnWoroneż
15%
518 tys.Douai / Lens
14%
685 tys.Murcja
14%
426 tys.San Sebastian
14%
406 tys.Vigo
14%
490 tys.Alicante
13%
432 tys.Cagliari
13%
471 tys.Gandawa
13%
537 tys.Homel
13%
625 tys.Krzywy Róg
13%
483 tys.Mikołajów
13%
515 tys.Augsburg
12%
524 tys.Grenada
12%
1,66 mlnJekaterynburg
12%
491 tys.Padwa
12%
419 tys.Swansea
12%
935 tys.Bielefeld
11%
446 tys.Grozny
11%
431 tys.Lozanna
11%
1,40 mlnCzelabińsk
10%
610 tys.Jarosław
10%
1,58 mlnMannheim
10%
438 tys.Płowdiw
10%
1,08 mlnSaratów
9%
813 tys.Akwizgran / Heerlen
8%
720 tys.Machaczkała
8%
446 tys.Metz
8%
907 tys.Saarbrücken
8%
441 tys.Saint Étienne
8%
479 tys.Tula
8%
534 tys.Astrachań
7%
553 tys.Bournemouth
7%
458 tys.Brescia
7%
712 tys.Coventry
7%
539 tys.Grenoble
7%
450 tys.Kursk
7%
460 tys.Valletta
7%
583 tys.Breda / Tilburg
6%
516 tys.Karlsruhe
6%
556 tys.Lipieck
6%
756 tys.Togliatti
6%
560 tys.Arnhem / Nijmegen
5%
409 tys.Biełgorod
5%
404 tys.Briańsk
5%
427 tys.Charleroi
5%
558 tys.Riazań
5%
442 tys.Stoke-on-Trent
5%
421 tys.Twer
5%
628 tys.Uljanowsk
5%
451 tys.Blackburn
4%
438 tys.Brunszwik
4%
449 tys.Chemnitz
4%
414 tys.Enschede
4%
649 tys.Iżewsk
4%
403 tys.Kingston upon Hull
4%
511 tys.Middlesbrough
4%
502 tys.Mönchengladbach
4%
565 tys.Orenburg
4%
487 tys.Rouen
4%
402 tys.Tours
4%
581 tys.Tulon
4%
436 tys.Iwanowo
3%
585 tys.Kirow
3%
587 tys.Penza
3%
528 tys.Stawropol
3%
401 tys.Tarent
3%
402 tys.Tarragona
3%
482 tys.Avignon
2%
622 tys.Czeboksary
2%
413 tys.Magnitogorsk
2%
534 tys.Nabierieżnyje Czełny
2%

Rozkład punktacji

Percentyl według liczby udzielonych odpowiedzi

Procent ludzi z każdym wynikiem

Twoja historia wyników

Nie rozwiązałeś tego quizu od ostatniego zresetowania